Des modèles opposés dans le projet de Constitution européenne (notice n° 1631235)
[ vue normale ]
| 000 -LEADER | |
|---|---|
| fixed length control field | 01601cam a2200169 4500500 |
| 005 - DATE AND TIME OF LATEST TRANSACTION | |
| control field | 20260111104950.0 |
| 041 ## - LANGUAGE CODE | |
| Language code of text/sound track or separate title | fre |
| 042 ## - AUTHENTICATION CODE | |
| Authentication code | dc |
| 100 10 - MAIN ENTRY--PERSONAL NAME | |
| Personal name | Breyer, Stephen |
| Relator term | author |
| 245 00 - TITLE STATEMENT | |
| Title | Des modèles opposés dans le projet de Constitution européenne |
| 260 ## - PUBLICATION, DISTRIBUTION, ETC. | |
| Date of publication, distribution, etc. | 2005.<br/> |
| 500 ## - GENERAL NOTE | |
| General note | 53 |
| 520 ## - SUMMARY, ETC. | |
| Summary, etc. | RésuméLa comparaison entre le projet de Constitution européenne et la Constitution des États-Unis est très tentante. Elle permet en particulier de relever la pluralité des modèles contenus dans le texte proposé par la Convention européenne. La nature du projet, entre traité et constitution, et sa finalité, entre fédération et confédération, entre démocratie et marché, ne ressortent pas du texte avec clarté, laissant une marge importante à l’interprétation des juges et à la pratique politique et institutionnelle. |
| 520 ## - SUMMARY, ETC. | |
| Summary, etc. | Competing Models in the Proposed European ConstitutionComparing the EU’s draft Constitution with the American Constitution is tempting for an American judge. It leads specifically to point out to the competing models in the draft Constitution. The nature of the project, between a treaty and a constitution, and its ultimate goal, between a federation and a confederation, and between a common market and a social democracy, are not clear-cut, thus leaving much leeway to interpreters and to the political and institutional practice. |
| 786 0# - DATA SOURCE ENTRY | |
| Note | Politique américaine | 2 | 2 | 2005-06-01 | p. 107-118 | 1771-8848 |
| 856 41 - ELECTRONIC LOCATION AND ACCESS | |
| Uniform Resource Identifier | <a href="https://shs.cairn.info/revue-politique-americaine-2005-2-page-107?lang=fr&redirect-ssocas=7080">https://shs.cairn.info/revue-politique-americaine-2005-2-page-107?lang=fr&redirect-ssocas=7080</a> |
Pas d'exemplaire disponible.




Réseaux sociaux